Catálogo
 En Linea

Entre la catedral y las ruinas paganas. (Registro nro. 39270)

Detalles MARC
000 -CABECERA
campo de control de longitud fija 00314nam a2200109 a 4500
005 - FECHA Y HORA DE LA ÚLTIMA TRANSACCIÓN
campo de control 20201002033729.0
008 - DATOS DE LONGITUD FIJA--INFORMACIÓN GENERAL
campo de control de longitud fija 130719s1999 000 spa d
040 ## - FUENTE DE LA CATALOGACIÓN
Centro catalogador/agencia de origen DO-SdBNP
100 ## - ENTRADA PRINCIPAL--NOMBRE DE PERSONA
Nombre de persona Darío, Rubén
9 (RLIN) 58914
245 #0 - MENCIÓN DE TÍTULO
Título Entre la catedral y las ruinas paganas.
260 ## - PUBLICACIÓN, DISTRIBUCIÓN, ETC.
Lugar de publicación, distribución, etc. Santiago de Chile-- Dibam,
Fecha de publicación, distribución, etc. 1999-- 112 p.

No hay ítems disponibles.

Con tecnología Koha